Qui sont ces médaillés anglais aux Jeux Olympiques 2024 ? - Statistiques

Statistiques générales
  • Ce quiz a été pris 11 fois
  • Le résultat moyen est 13 sur 20
Statistiques - réponses
Par images Hint Réponse % Correct
Plongeon Thomas Daley
88%
Cyclisme Mountain Bike Thomas Pidcock
88%
Triathlon Alex Yee
75%
Triathlon Beth Potter
75%
Cyclisme sur Piste Emma Finucane
75%
Athlétisme Matthew Hudson Smith
75%
Canoë Kayak Slalom Adam Burgess
63%
Natation Adam Peaty
63%
Natation Benjamin Proud
63%
Équitation Charlotte Fry
63%
Cyclisme BMX Freestyle Kieran Darren David Reilly
63%
Équitation Laura Collett
63%
Natation Matthew Richards
63%
Tir Nathan Hales
63%
Trampoline Bryony Page
50%
Athlétisme Keely Hodgkinson
50%
Canoë Kayak Slalom Kimberley Woods
50%
Escalade Toby Roberts
50%
Golf Tommy Fleetwood
50%
Aviron Helen Glover
38%
Aucun quiz correspondant
Distribution des résultats
% des personnes avec chaque résultat
Percentile par nombre de réponses
Votre historique - résultats
Vous n’avez pas pris ce quiz